Выдающийся русский химик В. В. Марковников: стенограмма публичной лекции, прочитанной в Центральном лектории Общества в Москве

Библиографические подробности
Главный автор: Платэ А. Ф. Альфред Феликсович
Автор-организация: Всесоюзное общество по распространению политических и научных знаний
Язык:русский
Опубликовано: Москва, Правда, 1950
Предметы:
Формат: Книга
Запись в KOHA:https://koha.lib.tpu.ru/cgi-bin/koha/opac-detail.pl?biblionumber=304094

MARC

LEADER 00000nam0a2200000 4500
001 304094
005 20231102001652.0
035 |a (RuTPU)RU\TPU\book\329329 
090 |a 304094 
100 |a 20150910d1950 km y0rusy50 ca 
101 0 |a rus 
102 |a RU 
105 |a a z 001zb 
200 1 |a Выдающийся русский химик В. В. Марковников  |e стенограмма публичной лекции, прочитанной в Центральном лектории Общества в Москве  |f А. Ф. Платэ  |g Всесоюзное общество по распространению политических и научных знаний 
210 |a Москва  |c Правда  |d 1950 
215 |a 22 с.  |c ил. 
320 |a Библиогр.: с. 22. 
600 1 |a Марковников  |b В. В.  |c русский химик  |c один из создателей теории строения химических соединений  |f 1837-1904  |g Владимир Васильевич  |2 stltpush  |3 (RuTPU)RU\TPU\pers\17677  |9 6562 
606 1 |a Химики  |x Персоналии  |2 stltpush  |3 (RuTPU)RU\TPU\subj\69968  |9 84576 
610 1 |a химия 
610 1 |a химическая наука 
610 1 |a история 
610 1 |a Россия 
610 1 |a 19 век 
610 1 |a биографии 
675 |a 54(092)  |v 4 
700 1 |a Платэ  |b А. Ф.  |g Альфред Феликсович 
712 0 2 |a Всесоюзное общество по распространению политических и научных знаний  |c (1947-1963)  |c (Москва)  |2 stltpush  |3 (RuTPU)RU\TPU\col\144  |9 23224 
801 1 |a RU  |b 63413507  |c 20150910 
801 2 |a RU  |b 63413507  |c 20150914  |g RCR 
942 |c BK